MARC details
| 000 -LEADER |
| campo de control de longitud fija |
01146nam a22002537a 4500 |
| 001 - NÚMERO DE CONTROL |
| campo de control |
85849 |
| 005 - FECHA Y HORA DE LA ÚLTIMA TRANSACCIÓN |
| campo de control |
20260429144412.0 |
| 008 - DATOS DE LONGITUD FIJA--INFORMACIÓN GENERAL |
| campo de control de longitud fija |
260429s2026 sp ||||| |||| 00| 0 spa d |
| 017 ## - NÚMERO DE COPYRIGHT O DE DEPÓSITO LEGAL |
| Número de copyright o de depósito legal |
M 2872-2026 |
| 040 ## - FUENTE DE CATALOGACIÓN |
| Centro catalogador/agencia de origen |
M-RABA |
| Lengua de catalogación |
spa |
| Centro/agencia transcriptor |
M-RABA |
| 245 00 - MENCIÓN DEL TÍTULO |
| Título |
Porcelanas para los reyes de España |
| Resto del título |
: La producción de la Real Fábrica del Buen Retiro |
| Mención de responsabilidad, etc. |
/ Comunidad de Madrid |
| 260 ## - PUBLICACIÓN, DISTRIBUCIÓN, ETC. |
| Lugar de publicación, distribución, etc. |
Madrid |
| Nombre del editor, distribuidor, etc. |
: Comunidad de Madrid |
| Fecha de publicación, distribución, etc. |
, 2026 |
| 300 ## - DESCRIPCIÓN FÍSICA |
| Extensión |
47 p. |
| Otras características físicas |
: il. col. |
| Dimensiones |
; 28 cm |
| 500 00 - NOTA GENERAL |
| Nota general |
Catálogo de la exposición celebrada en la sala de exposiciones del Palacio de Juan de Goyeneche, en Nuevo Baztán, del 11 de marzo al 7 de junio del 2026. |
| 610 27 - PUNTO DE ACCESO ADICIONAL DE MATERIA--NOMBRE DE ENTIDAD CORPORATIVA |
| Nombre de entidad corporativa o nombre de jurisdicción como elemento de entrada |
Palacio del Buen Retiro ( |
| Sede del congreso/Lugar de la reunión |
Madrid) |
| Fuente del encabezamiento o término |
embne |
| 9 (RLIN) |
6154 |
| 650 #0 - PUNTO DE ACCESO ADICIONAL DE MATERIA--TÉRMINO DE MATERIA |
| Término de materia o nombre geográfico como elemento de entrada |
Porcelana- |
| Subdivisión geográfica |
España |
| 9 (RLIN) |
86326 |
| 651 #7 - PUNTO DE ACCESO ADICIONAL DE MATERIA--NOMBRE GEOGRÁFICO |
| Nombre geográfico |
Nuevo Baztan (Madrid, España) |
| 9 (RLIN) |
75284 |
| 655 #4 - TERMINO DE INDIZACIÓN--GENERO/FORMA |
| Datos o término principal de género/forma |
Catálogos de exposiciones |
| 9 (RLIN) |
45336 |
| 700 1# - ENTRADA AGREGADA--NOMBRE PERSONAL |
| Nombre de persona |
Granados Ortega, María Ángeles |
| 9 (RLIN) |
111704 |
| Término indicativo de función/relación |
comisaria |
| -- |
autor texto |
| 710 1# - ENTRADA AGREGADA--NOMBRE DE ENTIDAD CORPORATIVA |
| Nombre de entidad corporativa o nombre de jurisdicción como elemento de entrada |
Madrid (Comunidad Autónoma). |
| Unidad subordinada |
Dirección General de Cultura |
| 9 (RLIN) |
3300 |
| 710 1# - ENTRADA AGREGADA--NOMBRE DE ENTIDAD CORPORATIVA |
| Nombre de entidad corporativa o nombre de jurisdicción como elemento de entrada |
Madrid (Comunidad Autónoma). |
| Unidad subordinada |
Consejería de Cultura, Deportes y Turismo |
| 9 (RLIN) |
3297 |
| 852 ## - LOCALIZACIÓN |
| Número de control de estantería |
F-16118 |
| 942 ## - ELEMENTOS DE ENTRADA SECUNDARIOS (KOHA) |
| Tipo de ítem Koha |
Fondo moderno |
| Suprimir en OPAC |
No |